Reflections on methods of promoting research at a higher education institution in Slovakia

Čo je výskum a aký by mal byť. Vedecká a výskumná činnosť na Fakulte aplikovaných jazykov Ekonomickej univerzity v Bratislave. Noc výskumníkov. Národný týždeň vedy a techniky.

Uložené v:
Podrobná bibliografia
Hlavný autor: Breveníková, Daniela
Médium: Kapitola
Jazyk:English
Predmet:
Tagy: Pridať tag
Žiadne tagy, Buďte prvý, kto otaguje tento záznam!

MARC

LEADER 00000nla a2200000 4500
001 0200439
005 20240502083509.6
041 0 |a eng 
044 |a HU 
245 1 0 |a Reflections on methods of promoting research at a higher education institution in Slovakia  |c Daniela Breveníková 
520 |a Čo je výskum a aký by mal byť. Vedecká a výskumná činnosť na Fakulte aplikovaných jazykov Ekonomickej univerzity v Bratislave. Noc výskumníkov. Národný týždeň vedy a techniky. 
610 2 0 |a vzdelávanie vysokoškolské 
610 2 0 |a výskum 
610 2 0 |a univerzity 
610 2 0 |a fakulty 
610 2 0 |a jazyky cudzie 
610 2 0 |a činnosť publikačná 
100 1 |a Breveníková, Daniela